Southville International School and Colleges
Your cart is empty.
  • Cart
  • Lists
    Public lists list_1 View all
    Your lists Log in to create your own lists
  • Log in to your account
  • Your cookies
  • Search history
Southville International School and Colleges
  • Advanced search
  • Recent comments
  • Most popular
  • Libraries

Log in to your account

Log in with GOOGLE


If you do not have an external account, but do have a local account, you can still log in:

  1. Home
  2. MARC view: Desert notes :
Normal view MARC view ISBD view

Desert notes : (Record no. 35834)

[ view plain ]
MARC details
000 -LEADER
fixed length control field 00692cam a2200241 i 4500
001 - CONTROL NUMBER
control field 1760691
003 - CONTROL NUMBER IDENTIFIER
control field OSt
005 - DATE AND TIME OF LATEST TRANSACTION
control field 20140311134812.0
008 - FIXED-LENGTH DATA ELEMENTS--GENERAL INFORMATION
fixed length control field 760227s1976 ksua 000 0 eng
010 ## - LIBRARY OF CONGRESS CONTROL NUMBER
LC control number 76006099
020 ## - INTERNATIONAL STANDARD BOOK NUMBER
International Standard Book Number 0380538199
Terms of availability $5.95
040 ## - CATALOGING SOURCE
Original cataloging agency DLC
Transcribing agency DLC
Modifying agency DLC
050 00 - LIBRARY OF CONGRESS CALL NUMBER
Classification number PS 3562
Item number .L864 1976
082 00 - DEWEY DECIMAL CLASSIFICATION NUMBER
Classification number M 813.54
Item number L88 1976
100 1# - MAIN ENTRY--PERSONAL NAME
Personal name Lopez, Barry Holstun,
Dates associated with a name 1945-
245 10 - TITLE STATEMENT
Title Desert notes :
Remainder of title reflections in the eye of a raven /
Statement of responsibility, etc Lopez, Barry Holstun
260 ## - PUBLICATION, DISTRIBUTION, ETC. (IMPRINT)
Place of publication, distribution, etc New York :
Name of publisher, distributor, etc Avon Books,
Date of publication, distribution, etc c1976.
300 ## - PHYSICAL DESCRIPTION
Extent 89 p. :
Other physical details ill. ;
Dimensions 22 cm.
650 #0 - SUBJECT ADDED ENTRY--TOPICAL TERM
Topical term or geographic name as entry element Deserts.
906 ## - LOCAL DATA ELEMENT F, LDF (RLIN)
a 7
b cbc
c orignew
d 1
e ocip
f 19
g y-gencatlg
942 ## - ADDED ENTRY ELEMENTS (KOHA)
Source of classification or shelving scheme Library of Congress Classification
Koha item type Books
Call number prefix
Holdings
Withdrawn status Lost status Source of classification or shelving scheme Damaged status Home library Current library Shelving location Date acquired Source of acquisition Total Checkouts Full call number Barcode Date last seen Copy number Price effective from Koha item type
    Library of Congress Classification   Archives Archives   04/20/2012 Donation   PS 3562 .L864 1976 C0689 05/15/2018 1 11/14/2013 Books

Desert notes :

APA

Lopez B. H., . (1976). Desert notes. New York: Avon Books.

Chicago

Lopez Barry Holstun, . 1976. Desert notes. New York: Avon Books.

Harvard

Lopez B. H., . (1976). Desert notes. New York: Avon Books.

MLA

Lopez Barry Holstun, . Desert notes. New York: Avon Books. 1976.

  • Place hold
  • Print
  • Cite
  • Add to your cart (remove)
  • Save record
    BIBTEX Dublin Core MARCXML MARC (non-Unicode/MARC-8) MARC (Unicode/UTF-8) MARC (Unicode/UTF-8, Standard) MODS (XML) RIS
  • More searches
    Search for this title in:
    Other Libraries (WorldCat) Other Databases (Google Scholar) Online Stores (Bookfinder.com) Open Library (openlibrary.org)

Exporting to Dublin Core...

SOUTHVILLE LIBRARY

Southville International School and Colleges Library

1281 Tropical Ave. Cor. Luxembourg St., BF Homes International, Las Pinas City

Tel. No. 8256374 / 252358 Loc. 117/146

Powered by Koha